Chanson à trous : Stromae - Alors on danse - Statistiques

Statistiques générales
  • Ce quiz a été pris 182 fois
  • Le résultat moyen est 11 sur 16
Statistiques - réponses
Couplets Alors on danse % Correct
4 Qui dit crédit dit {créance}
92%
3 Qui dit {argent} dit dépenses
81%
16 Alors {on} {danse}
79%
8 Dit toujours et dit {divorce}
78%
1 Qui dit {études} dit travail
77%
10 Car les {problèmes} ne viennent pas seul
75%
6 Lui dit assis {dans} {la} {merde}
74%
5 Qui dit dette, te dit {huissier}
74%
2 Qui dit taff te dit des {thunes}
74%
12 Dit famine et dit {tiers} {monde}
73%
13 Qui dit fatigue dit {réveil}
68%
15 Alors on sort pour oublier {tous} {les} {problèmes}
64%
14 Encore {sourd} de la veille
54%
7 Qui dit {amour}, dit les gosses
48%
9 Qui dit {proches}, te dit deuils
25%
11 Qui dit {crise}, te dit monde
23%
Aucun quiz correspondant
Distribution des résultats
% des personnes avec chaque résultat
Percentile par nombre de réponses
Votre historique - résultats
Vous n’avez pas pris ce quiz